LoL Prime League Top 4 Every Split - Statistics

General Stats
  • This quiz has been taken 17 times
  • The average score is 27 of 32
Answer Stats
Hint Answer % Correct
1. Spring 2021 Berlin International Gaming
100%
1. Summer 2021 Berlin International Gaming
100%
4. Spring 2022 Berlin International Gaming
100%
4. Summer 2022 Berlin International Gaming
100%
3. Spring 2023 Berlin International Gaming
100%
4. Summer 2023 Berlin International Gaming
100%
2. Spring 2020 mousesports
88%
1. Summer 2020 mousesports
88%
2. Spring 2021 mousesports
88%
3. Summer 2021 mousesports
88%
4. Spring 2023 MOUZ
88%
2. Summer 2022 Schalke 04
88%
1. Spring 2020 Schalke 04 Evolution
88%
2. Summer 2020 Schalke 04 Evolution
88%
3. Spring 2021 Schalke 04 Evolution
88%
4. Spring 2020 Unicorns of Love Sexy Edition
88%
4. Summer 2020 Unicorns of Love Sexy Edition
88%
4. Spring 2021 Unicorns of Love Sexy Edition
88%
3. Spring 2022 Unicorns of Love Sexy Edition
88%
1. Summer 2022 Unicorns of Love Sexy Edition
88%
1. Spring 2023 Unicorns of Love Sexy Edition
88%
2. Summer 2023 Unicorns of Love Sexy Edition
88%
4. Summer 2021 SK Gaming Prime
75%
3. Summer 2022 SK Gaming Prime
75%
2. Spring 2023 SK Gaming Prime
75%
1. Summer 2023 SK Gaming Prime
75%
2. Spring 2022 Eintracht Spandau
63%
3. Summer 2023 Eintracht Spandau
63%
3. Spring 2020 GamerLegion
63%
3. Summer 2020 GamerLegion
63%
1. Spring 2022 GamerLegion
63%
2. Summer 2021 PENTA 1860
50%
No matching quizzes found
Score Distribution
Percent of People with Each Score
Percentile by Number Answered
Your Score History
You have not taken this quiz